000 01152nam a2200241Ia 4500
001 17729
003 GE_BSU
008 181216s||||||||xx |||||||||||||| ||und||
020 _a9789941459023
040 _cGE_BSU
080 _a663.97(076)
100 _aფრუიძე, მ., კინწურაშვილი, ქ., ჩაკვეტაძე, შ.
245 _aთამბაქოს ქიმია-ტექნოლოგიის პრაქტიკუმი
245 _bსახელმძღვანელო უმაღლესი სკოლის სასურსათო ტექნოლოგიის სპეციალობის სტუდენტებისათვის
245 _cრედ.: ე.ბენდელიანი
260 _aქუთაისი
260 _bაკაკი წერეთლის სახ. უნ-ტი
260 _c2015
300 _a152 გვ.: ილ.:21სმ.
300 _eბიბლ.გვ.145-146
653 _aთამბაქოს ქიმია-ტექნოლოგიის პრაქტიკუმი
942 _cBK
999 _c50777
_d50777